[Event "GER-chT U10"]
[Site "Magdeburg"]
[Date "2015.12.29"]
[Round "6.2"]
[White "Fahrendorff, Tristan"]
[Black "Khanbekyan, Nare"]
[Result "0-1"]
[WhiteElo "774"]
[BlackElo "698"]
[PlyCount "56"]
[EventDate "2015.12.27"]
[EventType "team-swiss"]
[EventRounds "7"]
[EventCountry "GER"]
[SourceTitle "EXT 2017"]
[Source "ChessBase"]
[SourceDate "2016.10.25"]
[SourceVersion "1"]
[SourceVersionDate "2016.10.25"]
[SourceQuality "1"]
[WhiteTeam "Goettingen Rochade III"]
[BlackTeam "Magdeburg USC II"]
[WhiteTeamCountry "GER"]
[BlackTeamCountry "GER"]

1. e4 e5 2. Nf3 Nc6 3. Nc3 Bc5 4. d3 Nf6 5. Nxe5 Nxe5 6. d4 Bd6 7. dxe5 Bxe5 8. Bg5 d6 9. Nb5 0-0 10. Be2 Bxb2 11. Rb1 Be5 12. Bd2 Nxe4 13. Ba5 Bf5 14. Nxc7 Rc8 15. Qd2 Nxd2 16. Kxd2 b6 17. Bc3 Bxc3+ 18. Kxc3 Rxc7+ 19. Bc4 Be6 20. Kd3 Bxc4+ 21. Kc3 Bxa2+ 22. Kb2 Bxb1 23. Kxb1 Qc8 24. h4 Rxc2 25. g4 Rxf2 26. h5 Qa8 27. Rh3 a5 28. Kc1 a4 0-1

[Event "GER-chT U10"]
[Site "Magdeburg"]
[Date "2015.12.27"]
[Round "1.2"]
[White "Schenk, Jannik"]
[Black "Fahrendorff, Tristan"]
[Result "1-0"]
[WhiteElo "809"]
[BlackElo "774"]
[PlyCount "21"]
[EventDate "2015.12.27"]
[EventType "team-swiss"]
[EventRounds "7"]
[EventCountry "GER"]
[SourceTitle "EXT 2017"]
[Source "ChessBase"]
[SourceDate "2016.10.25"]
[SourceVersion "1"]
[SourceVersionDate "2016.10.25"]
[SourceQuality "1"]
[WhiteTeam "Berlin Schachpinguine"]
[BlackTeam "Goettingen Rochade III"]
[WhiteTeamCountry "GER"]
[BlackTeamCountry "GER"]

1. d4 d5 2. c4 c6 3. Nf3 e6 4. Nc3 Bb4 5. Bd2 Nf6 6. a3 Bd6 7. Qc2 0-0 8. e4 Nbd7 9. e5 Bc7 10. Ng5 Ng4 11. Qxh7# 1-0